Miles Davis y Kind of Blue : La creación de una obra maestra /

Miles Davis, John Coltrane, Bill Evans, Cannonball Adderley, Jimmy Cobb, paul Chambers y Wynton Kelly grabaron en 1959 el mítico "Kind of Blue", un álbum que ha vendido millones de copiaas en todo en mundo desde entonces. ¿Qué susedió en aquella intensa grabación? ¿Cuál es el secreto del éxito y la...

Full description

Bibliographic Details
Main Author: Kahn, Ashley
Format: Libro
Language:Spanish
Published: Barcelona Alba 2006
Edition:3a. ed.
Series:Trayectos 44
Subjects:
Online Access:

MARC

LEADER 00000cam a2200000 a 4500
001 019821
003 UAHC_CL
005 20170803121814.0
008 080717s2006 sp 000 dspa
020 |a 8484281434 
040 |a UAHC_CL  |c UAHC_CL  |d UAHC_CL 
082 0 4 |a 781.65092  |b K12  |2 20 
100 1 |a Kahn, Ashley 
245 1 0 |a Miles Davis y Kind of Blue :  |b La creación de una obra maestra /  |c Ashley Kahn ; Prólogo de Jimmy Cobb ; traducción Víctor Obiols. 
250 |a 3a. ed. 
260 |b Alba  |a Barcelona  |c 2006 
300 |a 340 p. 
490 0 |a Trayectos  |v 44 
520 |a Miles Davis, John Coltrane, Bill Evans, Cannonball Adderley, Jimmy Cobb, paul Chambers y Wynton Kelly grabaron en 1959 el mítico "Kind of Blue", un álbum que ha vendido millones de copiaas en todo en mundo desde entonces. ¿Qué susedió en aquella intensa grabación? ¿Cuál es el secreto del éxito y la magia de Kind of Blue?. Ashley Kahn invita al lector a trasladarse a 1959 y a entrar en el estudio de grabación para revivir, hasta el más mínimo detalle, todo lo sucedido en torno al álbum de Miles Davis. Tras entrevistar a testigos y colaboradores supervivientes ofrece un relato minucioso de cada una de las sesiones, incluyendo material de tomas desechadas descubierto en los archivos de la Columbia Records. 
600 1 4 |a DAVIS, MILES  |t KIND OF BLUE 
650 4 |a JAZZ  |y 1951-1960  |x HISTORIA Y CRITICA 
653 |a PEDAGOGIA EN MUSICA 
658 |a Suau, Raúl 
900 |a 781.65092 KAH 
942 |c BK 
952 |0 0  |1 0  |4 0  |6 781_650920000000000_KAH  |7 0  |8 General  |9 39713  |a BS  |b BS  |c General  |d 2017-08-03  |l 15  |m 19  |o 781.65092 KAH  |p 1364428  |r 2025-11-26 00:00:00  |s 2023-03-24  |t 1  |w 2017-08-03  |y BK 
999 |c 19821  |d 19821